The All India Reporter1965 (V-52) SUPRIM COURT Section (Record no. 6802)

MARC details
000 -LEADER
fixed length control field 00377nam a22001337a 4500
005 - DATE AND TIME OF LATEST TRANSACTION
control field 20200604103541.0
008 - FIXED-LENGTH DATA ELEMENTS--GENERAL INFORMATION
fixed length control field 200604b xxu||||| |||| 00| 0 eng d
082 ## - DEWEY DECIMAL CLASSIFICATION NUMBER
Classification number 345.4
110 ## - MAIN ENTRY--CORPORATE NAME
Corporate name or jurisdiction name as entry element The All India Reporter
245 ## - TITLE STATEMENT
Title The All India Reporter1965 (V-52) SUPRIM COURT Section
260 ## - PUBLICATION, DISTRIBUTION, ETC. (IMPRINT)
Place of publication BOMBAY
Name of publisher The All India Reporter Ltd.
Year of publication 1965
650 ## - SUBJECT ADDED ENTRY--TOPICAL TERM
Topical Term LAW
942 ## - ADDED ENTRY ELEMENTS (KOHA)
Koha item type Journals/Serial
Holdings
Lost status Damaged status Home library Current library Date acquired Source of acquisition Full call number Accession Number Koha item type
    JRU Library   16/06/2020 PURCHASE 345.4 24398 Journals/Serial